|
|
|
|
| LEADER |
00000cam a2200000 7i4500 |
| 001 |
0000020554 |
| 005 |
20160330.0 |
| 008 |
080630 |
| 020 |
|
|
|a 9836220941
|
| 090 |
0 |
0 |
|a TAL
|b MAL
|
| 100 |
0 |
|
|a Talib Samat
|
| 245 |
1 |
0 |
|a Hanya sampai di sini
|c Talib Samat
|
| 260 |
|
|
|a Kuala Lumpur :
|b Dewan Bahasa dan Putaka ,
|c 2004
|
| 500 |
|
|
|a Teenager ages 13-18 years old (blue)
|
| 650 |
|
0 |
|a Malay fiction
|
| 650 |
|
0 |
|a Novel
|
| 999 |
|
|
|a 0000759710
|b Book
|c Adult Collection
|e Cawangan Pontian
|
| 999 |
|
|
|a 0001027286
|b Book
|c Teenagers
|e Perbadanan Perpustakaan Awam Johor
|
| 999 |
|
|
|a 0001027287
|b Book
|c Teenagers
|e Perbadanan Perpustakaan Awam Johor
|
| 999 |
|
|
|a 0001027288
|b Book
|c Teenagers
|e Perbadanan Perpustakaan Awam Johor
|